[Event "Singapore-ch op"]
[Site "Singapore"]
[Date "2010.01.14"]
[Round "6"]
[White "Chan, Mark"]
[Black "Shen, Chuan Qi"]
[Result "1-0"]
[WhiteElo "2219"]
[BlackElo "2188"]
[PlyCount "77"]
[EventDate "2010.01.09"]
[EventType "swiss"]
[EventRounds "7"]
[EventCountry "SIN"]
[SourceTitle "CBM 134 Extra"]
[Source "ChessBase"]
[SourceDate "2010.03.03"]
[SourceVersion "1"]
[SourceVersionDate "2010.03.03"]
[SourceQuality "1"]

1. e4 c5 2. c3 Nf6 3. e5 Nd5 4. Nf3 Nc6 5. Bc4 Nb6 6. Bb3 d5 7. exd6 e6 8. d4 cxd4 9. Nxd4 Bxd6 10. Nb5 Be5 11. Qxd8+ Kxd8 12. 0-0 a6 13. Rd1+ Ke7 14. Be3 Nd7 15. Nd4 Nxd4 16. cxd4 Bd6 17. Nc3 Nf6 18. h3 b5 19. d5 e5 20. Re1 Kd7 21. Rad1 h6 22. a4 b4 23. Nb1 Bb7 24. Nd2 Bxd5 25. Ne4 Ke6 26. Rxd5 Nxe4 27. Rd4+ Kf5 28. g4+ Kf6 29. Rxe4 Rac8 30. f4 exf4 31. Bxf4 Bc5+ 32. Be3 Bxe3+ 33. R1xe3 Kg6 34. Rxb4 Rhd8 35. Rc4 Rxc4 36. Bxc4 a5 37. b3 Kg5 38. Re5+ Kh4 39. Bf1 1-0

[Event "WchT Schools 4th"]
[Site "Singapore"]
[Date "2008.07.27"]
[Round "7.2"]
[White "Chan, Yi Ren Daniel"]
[Black "Shen, Chuan Qi"]
[Result "1-0"]
[WhiteElo "2245"]
[BlackElo "2172"]
[PlyCount "145"]
[EventDate "2008.07.23"]
[EventType "team-swiss"]
[EventRounds "9"]
[EventCountry "SIN"]
[SourceTitle "EXT 2009"]
[Source "ChessBase"]
[SourceDate "2008.11.26"]
[SourceVersion "1"]
[SourceVersionDate "2008.11.26"]
[SourceQuality "1"]

1. e4 c5 2. Nf3 d6 3. d4 cxd4 4. Nxd4 Nf6 5. Nc3 Nc6 6. Bc4 Qb6 7. Nb3 e6 8. 0-0 Qc7 9. a4 b6 10. Be3 a6 11. f4 Na5 12. Nxa5 bxa5 13. Be2 Rb8 14. Rb1 Rb4 15. Bf3 Bb7 16. Qd3 Be7 17. b3 0-0 18. Rbe1 e5 19. Bf2 Ba8 20. f5 Rc8 21. Na2 Rbb8 22. c4 Nd7 23. Bd1 Nc5 24. Bxc5 Qxc5+ 25. Kh1 Bc6 26. Nc3 Rb7 27. Bc2 Rcb8 28. Qd1 Qd4 29. Rf3 Qxd1 30. Rxd1 Kf8 31. Nd5 Bd8 32. g3 Rd7 33. Kg2 Bxd5 34. Rxd5 Bb6 35. Rfd3 Rdd8 36. Rxd6 Ke7 37. R6d5 f6 38. Kf3 Rxd5 39. Rxd5 Rd8 40. g4 Bg1 41. h4 h6 42. Bd3 Rxd5 43. cxd5 Bc5 44. Bxa6 Bb4 45. Ke3 Be1 46. Kd3 Kd6 47. Kc4 Bxh4 48. b4 axb4 49. Kxb4 Bf2 50. Bd3 Kc7 51. a5 Ba7 52. Kc3 Bc5 53. a6 Bb6 54. Kd2 Bc5 55. Ke2 Kb6 56. Kf3 Bb4 57. Kg3 Be1+ 58. Kh3 Bf2 59. Bc4 Be1 60. d6 Bf2 61. d7 Kc7 62. Bb5 Kd8 63. Kg2 Be3 64. Kg3 Ke7 65. Kh4 Ba7 66. Kh5 Be3 67. Kg6 Bb6 68. Kxg7 Be3 69. Kg6 Bb6 70. Kxh6 Be3+ 71. Kg7 Bd4 72. g5 fxg5 73. f6+ 1-0

[Event "Singapore U20-Myanmar 1st"]
[Site "Singapore"]
[Date "2008.04.12"]
[Round "9"]
[White "Shen, Chuan Qi"]
[Black "Nay, Oo Kyaw Tun"]
[Result "1-0"]
[WhiteElo "2062"]
[BlackElo "2485"]
[PlyCount "59"]
[EventDate "2008.03.29"]
[EventType "schev"]
[EventRounds "12"]
[EventCountry "SIN"]
[SourceTitle "EXT 2022"]
[Source "ChessBase"]
[SourceDate "2021.10.06"]
[SourceVersion "1"]
[SourceVersionDate "2021.10.06"]
[SourceQuality "1"]
[WhiteTeam "Singapore (U20)"]
[BlackTeam "Myanmar"]
[WhiteTeamCountry "SIN"]
[BlackTeamCountry "MYA"]

1. d4 d5 2. c4 c6 3. Nf3 Nf6 4. e3 a6 5. Bd3 b5 6. cxd5 cxd5 7. a4 b4 8. 0-0 Bg4 9. a5 Bxf3 10. gxf3 e6 11. Nd2 Be7 12. Nb3 0-0 13. e4 Nbd7 14. e5 Nh5 15. f4 g6 16. f5 exf5 17. Bxf5 Ng7 18. Bd3 Ne6 19. Qe2 Nb8 20. f4 f5 21. exf6 Rxf6 22. f5 gxf5 23. Bxf5 Ng7 24. Bc2 Rxf1+ 25. Qxf1 Nd7 26. Qg2 Nf8 27. Bh6 Bf6 28. Bd3 Qd6 29. Rf1 Ng6 30. Rxf6 1-0

[Event "Singapore U20-Myanmar 1st"]
[Site "Singapore"]
[Date "2008.04.06"]
[Round "7"]
[White "Shen, Chuan Qi"]
[Black "Wynn, Zaw Htung"]
[Result "1/2-1/2"]
[WhiteElo "2062"]
[BlackElo "2542"]
[PlyCount "105"]
[EventDate "2008.03.29"]
[EventType "schev"]
[EventRounds "12"]
[EventCountry "SIN"]
[SourceTitle "EXT 2022"]
[Source "ChessBase"]
[SourceDate "2021.10.06"]
[SourceVersion "1"]
[SourceVersionDate "2021.10.06"]
[SourceQuality "1"]
[WhiteTeam "Singapore (U20)"]
[BlackTeam "Myanmar"]
[WhiteTeamCountry "SIN"]
[BlackTeamCountry "MYA"]

1. d4 Nf6 2. c4 g6 3. Nc3 Bg7 4. e4 d6 5. Nf3 0-0 6. Be2 e5 7. d5 a5 8. Bg5 Na6 9. 0-0 Nc5 10. Nd2 h6 11. Bh4 Bd7 12. f3 Qe8 13. Nb5 Na6 14. a3 Nh5 15. Rb1 f5 16. b4 axb4 17. axb4 Nf4 18. Nc3 g5 19. Bf2 Qg6 20. c5 g4 21. fxg4 fxe4 22. Ndxe4 Nxe2+ 23. Qxe2 Bxg4 24. Qc4 Nb8 25. cxd6 cxd6 26. Nxd6 Nd7 27. Nde4 Rac8 28. Qd3 Rxc3 29. Qxc3 Qxe4 30. Qd2 Qg6 31. Bg3 Re8 32. Rb3 h5 33. h3 Bf5 34. Bh4 Be4 35. Rg3 Qb6+ 36. Kh1 Rf8 37. Rxf8+ Nxf8 38. d6 Qc6 39. Qh6 Qd7 40. Bf6 Qxh3+ 41. Rxh3 Bxh6 42. Rxh5 Bg7 43. Rg5 Bg6 44. Rxg6 Nxg6 45. Bxg7 Kf7 46. Kh2 Ke6 47. Kg3 Kxd6 48. Kg4 Ke6 49. g3 e4 50. Kg5 Ne7 51. Kf4 Nd5+ 52. Kxe4 Nxb4 53. g4 1/2-1/2

[Event "Singapore U20-Myanmar 1st"]
[Site "Singapore"]
[Date "2008.04.05"]
[Round "5"]
[White "Kyaw, Lin Naing"]
[Black "Shen, Chuan Qi"]
[Result "1-0"]
[WhiteElo "2405"]
[BlackElo "2062"]
[PlyCount "115"]
[EventDate "2008.03.29"]
[EventType "schev"]
[EventRounds "12"]
[EventCountry "SIN"]
[SourceTitle "EXT 2022"]
[Source "ChessBase"]
[SourceDate "2021.10.06"]
[SourceVersion "1"]
[SourceVersionDate "2021.10.06"]
[SourceQuality "1"]
[WhiteTeam "Myanmar"]
[BlackTeam "Singapore (U20)"]
[WhiteTeamCountry "MYA"]
[BlackTeamCountry "SIN"]

1. e4 c5 2. Nf3 d6 3. Bc4 e6 4. Bb3 Nf6 5. d3 Be7 6. 0-0 0-0 7. Re1 b6 8. c3 Bb7 9. Nbd2 Nbd7 10. Nf1 Ne5 11. Ng3 Rc8 12. Bc2 Qc7 13. Qe2 Rfd8 14. h3 Nxf3+ 15. Qxf3 d5 16. e5 d4 17. exf6 Bxf3 18. fxe7 Qxe7 19. gxf3 Qb7 20. Kg2 c4 21. cxd4 cxd3 22. Bxd3 Rxd4 23. Be4 Qc7 24. Be3 Rdd8 25. f4 Qe7 26. a3 f5 27. Bf3 Qh4 28. Ne2 g5 29. Rac1 gxf4 30. Bxf4 Kf7 31. Bg3 Qf6 32. Rxc8 Rxc8 33. Nf4 Rc2 34. Rxe6 Qxe6 35. Nxe6 Kxe6 36. b3 Rc3 37. Be2 Kf6 38. Bc4 b5 39. Bxb5 Rxb3 40. a4 Ra3 41. Bd6 Ra2 42. Bc7 a6 43. Bd8+ Ke5 44. Be8 Rc2 45. Bh5 Rc8 46. Bb6 a5 47. Bxa5 Ra8 48. Bc3+ Kf4 49. Bd2+ Ke5 50. a5 Kd4 51. Bf3 Ra6 52. Bb7 Rg6+ 53. Kf3 Kc5 54. a6 Kb6 55. Be3+ Kc7 56. Kf4 Rh6 57. Kxf5 Rxh3 58. Kg4 1-0

[Event "Singapore U20-Myanmar 1st"]
[Site "Singapore"]
[Date "2008.03.29"]
[Round "1"]
[White "Wynn, Zaw Htung"]
[Black "Shen, Chuan Qi"]
[Result "0-1"]
[WhiteElo "2542"]
[BlackElo "2062"]
[PlyCount "94"]
[EventDate "2008.03.29"]
[EventType "schev"]
[EventRounds "12"]
[EventCountry "SIN"]
[SourceTitle "EXT 2022"]
[Source "ChessBase"]
[SourceDate "2021.10.06"]
[SourceVersion "1"]
[SourceVersionDate "2021.10.06"]
[SourceQuality "1"]
[WhiteTeam "Myanmar"]
[BlackTeam "Singapore (U20)"]
[WhiteTeamCountry "MYA"]
[BlackTeamCountry "SIN"]

1. c4 Nf6 2. g3 e5 3. Bg2 Bc5 4. Nc3 0-0 5. Nf3 Nc6 6. 0-0 a6 7. Nxe5 Nxe5 8. d4 d6 9. dxc5 dxc5 10. b3 Qe7 11. Bg5 c6 12. Ne4 Rd8 13. Qc1 Bf5 14. Nxf6+ gxf6 15. Bd2 Qe6 16. Ba5 Re8 17. Qh6 Ng4 18. Qf4 Bg6 19. Rad1 h5 20. Rd2 Rac8 21. Bb6 Qe7 22. h3 Ne5 23. Rfd1 Kg7 24. Rd6 Bc2 25. R1d2 Ng6 26. Qf3 Be4 27. Qxe4 Qxe4 28. Bxe4 Rxe4 29. Rd7 Rce8 30. Rxb7 Rxe2 31. Rxe2 Rxe2 32. a4 h4 33. Bxc5 hxg3 34. fxg3 Ne5 35. Rb6 Rd2 36. Bf2 a5 37. Kf1 Kg6 38. Be1 Rc2 39. Bxa5 Kf5 40. Be1 Ke4 41. Rb8 Kf3 42. Rd8 Rb2 43. Kg1 Rg2+ 44. Kf1 Rh2 45. Kg1 Rg2+ 46. Kh1 Re2 47. Rd1 Ke3 0-1